000 01155nam a2200325 i 4500
001 11114
003 KOSZ 005
005 20200518143645.0
008 071020s1967 pl |000 0 pol
015 _aPB 1968/434
035 _a(OCoLC)839015272
040 _aWA N
_cWA N
_dKOSZ 005/HR
080 _a744
080 _a624.012.45
100 1 _aChrabczyńska, Anna.
_eAutor
245 1 0 _aUproszczony rysunek roboczy konstrucji żelbetowych /
_cAnna Chrabczyńska, Józef Sieczkowski, Maciej Winiarski ; kier. zesp. aut. J. Sieczkowski.
260 _aWarszawa :
_b"Arkady",
_c1967.
300 _a31, [1] s., [6] k. tabl. ;
_c27 cm.
380 _aKsiążki.
388 _a1901-2000
504 _aBibliogr.
658 _aArchitektura i budownictwo
655 _aRysunek techniczny
650 4 _aKonstrukcje żelbetowe
700 1 _aWiniarski, Maciej
_d(?-2004).
_eAutor
710 2 _aWydawnictwo "Arkady".
_4pbl.
700 1 _aSieczkowski, Józef
_d(1928-2004)
_eAutor
856 _uhttp://kohabib.tu.koszalin.pl/cgi-bin/koha/catalogue/detail.pl?biblionumber=11114
_yKatalog omline BPK
942 _2UKD
_cKS
999 _c11114
_d11114